El ratón de la Biblioteca : (Record no. 193677)

MARC details
000 -LEADER
campo de control de longitud fija 01010nab a2200253 i 4500
001 - NÚMERO DE CONTROL
campo de control 193677
003 - IDENTIFICADOR DE NÚMERO DE CONTROL
campo de control ES-MaACL
005 - FECHA Y HORA DE LA ÚLTIMA TRANSACCIÓN
campo de control 20250810063057.0
007 - CAMPO FIJO DE DESCRIPCIÓN FÍSICA--INFORMACIÓN GENERAL
campo de control de longitud fija t|
008 - DATOS DE LONGITUD FIJA--INFORMACIÓN GENERAL
campo de control de longitud fija 240205s1993 sp ||||1| spa d
040 ## - FUENTE DE CATALOGACIÓN
Centro catalogador/agencia de origen ES-MaACL
Lengua de catalogación spa
100 1# - ENTRADA PRINCIPAL--NOMBRE DE PERSONA
Nombre de persona Miravalls, Antonio,
Fechas asociadas al nombre 1965-
Término indicativo de función/relación Autor
9 (RLIN) 235040
245 13 - MENCIÓN DEL TÍTULO
Título El ratón de la Biblioteca :
Resto del título Ateneo de Madrid /
Mención de responsabilidad, etc. Antonio Miravalls
260 ## - PUBLICACIÓN, DISTRIBUCIÓN, ETC.
Lugar de publicación, distribución, etc. [Madrid] :
Nombre del editor, distribuidor, etc. PC Week,
Fecha de publicación, distribución, etc. 1993
300 ## - DESCRIPCIÓN FÍSICA
Extensión 2 páginas :
Otras características físicas 2 ilustraciones (color) ;
Dimensiones 36 cm
500 ## - NOTA GENERAL
Nota general Fotocopia del artículo de Antonio Miravalls sobre la Biblioteca del Ateneo de Madrid, publicado en "PC week", 11 de enero de 1993, n. 162
599 ## - NOTA A LAS ILUSTRACIONES
NOTA A LAS ILUSTRACIONES Con fotografía de María José Albo Álvarez, entonces directora de la Biblioteca del Ateneo de Madrid
600 14 - PUNTO DE ACCESO ADICIONAL DE MATERIA--NOMBRE DE PERSONA
Nombre de persona Albo Álvarez, María José
9 (RLIN) 19404
610 24 - PUNTO DE ACCESO ADICIONAL DE MATERIA--NOMBRE DE ENTIDAD CORPORATIVA
9 (RLIN) 1951
Nombre de entidad corporativa o nombre de jurisdicción como elemento de entrada Ateneo de Madrid.
Unidad subordinada Biblioteca
852 4# - LOCALIZACIÓN
Ubicación ES-MaACL
Ubicación en estantería Depósito folletos
Número de control de estantería 2347-F-46
itemnumber 201199
942 ## - ELEMENTOS DE ENTRADA SECUNDARIOS (KOHA)
Fuente del sistema de clasificación o colocación Clasificación decimal universal
Tipo de ítem Koha Artículo de revista
Suprimir en OPAC No
Holdings
Estatus retirado Estado de pérdida Fuente del sistema de clasificación o colocación Estado de daño No para préstamo Colección Biblioteca de origen Biblioteca actual Ubicación en estantería Fecha de adquisición Total de préstamos Signatura topográfica completa Código de barras Visto por última vez Tipo de ítem Koha
    Clasificación decimal universal     Fondo Ateneo de Madrid Biblioteca del Ateneo de Madrid Biblioteca del Ateneo de Madrid Depósito folletos 05/02/2024   2347-F-46 101206567 05/02/2024 Artículo de revista